000
00326 a2200145 4500
001
169206
020
_a
040
_c
Magnum
100
_a
Torres, Rosa Maria
240
1
0
_a
Que (e como) e necessario aprender ?
_l
por
245
1
0
_a
Que (e como) e necessario aprender ?
362
0
_a
1899
697
_a
ENSINO
942
_c
BK
999
_c
169206
_d
169206